[Event "FRA Team Ch"]
[Site "Montpellier"]
[Date "2001.04.30"]
[Round "10.4"]
[White "Carlier, Bruno"]
[Black "Seret, Jean-Luc"]
[Result "1-0"]
[WhiteElo "2392"]
[BlackElo "2358"]
[Annotator "Cappelle-Bordeaux"]
[PlyCount "83"]
[EventDate "2001.04.??"]

1. Nf3 g6 2. d4 Bg7 3. e4 d6 4. Nc3 Nf6 5. Be3 c6 6. Qd2 Bg4 7. Ng1 O-O 8. h3
Bc8 9. Bh6 b5 10. Bxg7 Kxg7 11. Bd3 e5 12. dxe5 dxe5 13. Nf3 Nbd7 14. a4 b4 15.
Ne2 c5 16. Qe3 Qc7 17. b3 Ne8 18. O-O Nd6 19. c3 a5 20. cxb4 axb4 21. Rac1 Bb7
22. Nd2 f5 23. f4 Rae8 24. fxe5 Rxe5 25. Nf3 Re7 26. Nf4 Nxe4 27. Bb5 Ndf6 28.
Rfe1 Nd5 29. Nxd5 Bxd5 30. Rxc5 Qxc5 31. Qxc5 Nxc5 32. Rxe7+ Kf6 33. Rxh7 Nxb3
34. Rd7 Bxf3 35. gxf3 Rc8 36. Kf2 Ke5 37. Rg7 Kf4 38. Rxg6 Rc2+ 39. Ke1 Nd4 40.
Kd1 b3 41. Bd3 Ke3 42. Bxc2 1-0

[Event "FRA Team Ch"]
[Site "Montpellier"]
[Date "2001.04.30"]
[Round "10.5"]
[White "Cornette, Matthieu"]
[Black "Jossien, Arnaud"]
[Result "1/2-1/2"]
[WhiteElo "2202"]
[BlackElo "2319"]
[Annotator "Bordeaux-Cappelle"]
[PlyCount "120"]
[EventDate "2001.04.??"]

1. e4 e5 2. Nc3 d6 3. Bc4 Be7 4. f4 exf4 5. Nf3 Be6 6. Bxe6 fxe6 7. d4 Nf6 8.
Ng5 Qd7 9. d5 e5 10. g3 fxg3 11. hxg3 Qg4 12. Qxg4 Nxg4 13. Ne6 Na6 14. Nxg7+
Kd7 15. a3 Rag8 16. Nf5 Bg5 17. Ke2 Nf6 18. b4 c6 19. dxc6+ bxc6 20. Bxg5 Rxg5
21. Rad1 Ne8 22. b5 Nac7 23. bxc6+ Kxc6 24. Rh6 Nb5 25. Nxb5 Kxb5 26. Rb1+ Kc5
27. Rb7 Rg6 28. Rh1 Nf6 29. Rc7+ Kb6 30. Rc4 Kb7 31. Nxd6+ Ka8 32. Rb1 Nd7 33.
Nf5 Ra6 34. Rc7 Nf6 35. Rb4 Rb8 36. Re7 Rxa3 37. Rxb8+ Kxb8 38. Rxe5 a5 39. Re6
Nh5 40. Re8+ Kc7 41. Re7+ Kd8 42. Rxh7 Nxg3+ 43. Nxg3 Rxg3 44. Ra7 Ra3 45. Kd2
Ra4 46. Kd3 Ra1 47. Kc4 a4 48. c3 Ke8 49. e5 Kd8 50. Ra5 Ra3 51. Kd4 Ra1 52. c4
a3 53. Kc3 Re1 54. Kb3 Re3+ 55. Kc2 a2 56. Kb2 Re2+ 57. Ka1 Kd7 58. c5 Kc6 59.
e6 Rxe6 60. Kxa2 Re5 1/2-1/2

[Event "FRA Team Ch"]
[Site "Montpellier"]
[Date "2001.04.30"]
[Round "10.6"]
[White "Catteau, Bruno"]
[Black "Beudaert, Xavier"]
[Result "1/2-1/2"]
[WhiteElo "2193"]
[BlackElo "2235"]
[Annotator "Cappelle-Bordeaux"]
[PlyCount "177"]
[EventDate "2001.04.??"]

1. d4 Nf6 2. Nf3 e6 3. e3 b6 4. Bd3 Bb7 5. O-O Be7 6. b3 O-O 7. Bb2 d5 8. c4
Nbd7 9. Qe2 Ne4 10. Nfd2 Bd6 11. f4 c5 12. Nc3 Ndf6 13. Rad1 Nxc3 14. Bxc3 Qe7
15. e4 cxd4 16. Bxd4 Bc5 17. Bxc5 Qxc5+ 18. Kh1 dxe4 19. Nxe4 Nxe4 20. Bxe4
Bxe4 21. Qxe4 Rfd8 22. Qf3 Qc7 23. f5 exf5 24. Qxf5 Rxd1 25. Rxd1 Rd8 26. Rxd8+
Qxd8 27. h3 Qd1+ 28. Kh2 Qd6+ 29. Kh1 Qd1+ 30. Kh2 Qd6+ 31. Kh1 g6 32. Qe4 a5
33. Qe3 Qd1+ 34. Kh2 Qd6+ 35. Kh1 Qd1+ 36. Kh2 Qd6+ 37. Kh1 h5 38. Qc3 Qd1+ 39.
Kh2 Qd6+ 40. Kh1 Qd1+ 41. Kh2 Qd6+ 42. Kh1 Kh7 43. Qf3 Kg7 44. Qc3+ Kg8 45. Qe3
Qc5 46. Qd2 Kh7 47. Kh2 Qe5+ 48. Kh1 Qa1+ 49. Kh2 Qe5+ 50. Kh1 Kg7 51. Qf2 Qc5
52. Qd2 Qe5 53. Qf2 Qc5 54. Qd2 Kh7 55. Qf4 Kg8 56. Qd2 Qe7 57. Qf2 Qe6 58. Qd4
Qc6 59. Qd8+ Kg7 60. Qd4+ Kg8 61. Qd8+ Kh7 62. Qd4 Qc5 63. Qd2 Qf5 64. Qe3 Qc5
65. Qd2 g5 66. Qd3+ Kh6 67. Kh2 h4 68. Qd8 Kg7 69. Qd2 f6 70. Qd7+ Kg6 71. Qd3+
Qf5 72. Qd8 Qe5+ 73. Kh1 Qe1+ 74. Kh2 Qe3 75. Qd7 Qe4 76. Qd8 Qc6 77. Qd3+ Kf7
78. Qe3 Qe6 79. Qd3 Qe5+ 80. Kh1 Ke6 81. Qd8 Kf5 82. Qxb6 Qa1+ 83. Kh2 Qxa2 84.
Qe3 Qa1 85. Qf3+ Ke5 86. Qd5+ Kf4 87. Qf3+ Ke5 88. Qd5+ Kf4 89. Qf3+ 1/2-1/2

[Event "FRA Team Ch"]
[Site "Montpellier"]
[Date "2001.04.30"]
[Round "10.7"]
[White "Pujos, Stephane"]
[Black "Hareux, Hubert"]
[Result "1-0"]
[WhiteElo "2269"]
[BlackElo "2211"]
[Annotator "Bordeaux-Cappelle"]
[PlyCount "117"]
[EventDate "2001.04.??"]

1. e4 e6 2. d4 d5 3. Nc3 Bb4 4. e5 c5 5. Qg4 Ne7 6. dxc5 Nbc6 7. Nf3 O-O 8. Bd3
Ng6 9. Qh5 d4 10. a3 dxc3 11. axb4 Nxb4 12. Be4 f5 13. exf6 Qxf6 14. O-O cxb2
15. Bxb2 Qxb2 16. Ng5 h6 17. Bxg6 Nd5 18. Rab1 Qd4 19. Bf7+ Kh8 20. Qg6 Nf6 21.
Nxe6 Bxe6 22. Bxe6 Qe4 23. Bf5 Qc6 24. h3 Rfe8 25. Rfd1 Re7 26. Rd6 Qe8 27.
Qxe8+ Raxe8 28. Kf1 Re5 29. Bg6 R8e7 30. c6 bxc6 31. f4 Rb5 32. Rbd1 Rb8 33.
Rd8+ Rxd8 34. Rxd8+ Ng8 35. Rc8 a5 36. Ra8 Rc7 37. Bd3 g6 38. Bxg6 Kg7 39. Bd3
Nf6 40. Rxa5 Nd5 41. g3 Rd7 42. Ke2 Kf6 43. Kf3 Ne7 44. g4 Ng6 45. Rh5 Kg7 46.
Rc5 Rd6 47. Be4 Ne7 48. h4 Rd1 49. Bxc6 Rf1+ 50. Kg3 Rg1+ 51. Bg2 Ng6 52. Rc7+
Kf8 53. f5 Nxh4 54. Kxh4 Rxg2 55. Kh5 Rh2+ 56. Kg6 Rh4 57. Rc8+ Ke7 58. f6+ Kd7
59. Rc4 1-0

[Event "FRA Team Ch"]
[Site "Montpellier"]
[Date "2001.04.30"]
[Round "10.8"]
[White "Husson, Cybele"]
[Black "Garrido, Denis"]
[Result "1/2-1/2"]
[WhiteElo "2036"]
[BlackElo "2247"]
[Annotator "Cappelle-Bordeaux"]
[PlyCount "123"]
[EventDate "2001.04.??"]

1. e4 c5 2. Nc3 e6 3. f4 Nc6 4. Nf3 a6 5. a4 Nge7 6. d3 d6 7. g3 g6 8. Bg2 Bg7
9. O-O O-O 10. Be3 Nd4 11. Bf2 Nec6 12. g4 f5 13. gxf5 gxf5 14. Bg3 Bd7 15. Qd2
Kh8 16. Nd1 e5 17. exf5 Nxf5 18. Ng5 h6 19. Ne4 Nxg3 20. Nxg3 Qh4 21. f5 Ne7
22. Ne3 Bf6 23. Ne4 Bg5 24. Rf3 Nxf5 25. Nxg5 Qxg5 26. Raf1 Rf6 27. Nc4 Qxd2
28. Nxd2 Rg8 29. R1f2 Rfg6 30. Ne4 Nh4 31. Rg3 Bxa4 32. Rf7 Bc6 33. Kf2 Nxg2
34. Kxg2 Rxg3+ 35. hxg3 Rd8 36. Kf2 Rd7 37. Rf6 Bxe4 38. dxe4 Kg7 39. Re6 b5
40. Re8 Rf7+ 41. Ke2 Ra7 42. Rb8 b4 43. Kd3 a5 44. c3 a4 45. cxb4 a3 46. bxa3
Rxa3+ 47. Kc4 Ra4 48. Kd5 Rxb4 49. Rc8 Rd4+ 50. Ke6 Kg6 51. Rg8+ Kh5 52. Kf5
Rd2 53. g4+ Kh4 54. Rg6 Rf2+ 55. Ke6 Rd2 56. Kf5 Rf2+ 57. Ke6 c4 58. Kxd6 c3
59. Kxe5 c2 60. Rxh6+ Kxg4 61. Rc6 Rd2 62. Rc3 1/2-1/2

[Event "FRA Team Ch"]
[Site "Montpellier"]
[Date "2001.04.30"]
[Round "10.9"]
[White "Feuvrier, Stephanie"]
[Black "Couche, Didier"]
[Result "0-1"]
[WhiteElo "2048"]
[BlackElo "2080"]
[Annotator "Bordeaux-Cappelle"]
[PlyCount "148"]
[EventDate "2001.04.??"]

1. e4 e6 2. d4 d5 3. exd5 exd5 4. Qf3 Nf6 5. h3 Be7 6. Bd3 O-O 7. Ne2 c6 8. O-O
Re8 9. Re1 Nbd7 10. Nd2 Nf8 11. Nf1 Bd7 12. Nfg3 Ng6 13. Nf4 Qa5 14. c3 Nh4 15.
Qd1 Bd6 16. Rxe8+ Rxe8 17. Nfh5 Ne4 18. Bf4 Qc7 19. Qc1 Ng6 20. Bxd6 Qxd6 21.
Qc2 Nxg3 22. Nxg3 Qf4 23. Rd1 Qh4 24. Nf5 Bxf5 25. Bxf5 Qg5 26. g3 Nf8 27. Bd3
g6 28. Qd2 Qe7 29. Kf1 Qe6 30. g4 Qd6 31. f4 Qf6 32. Qf2 Ne6 33. Re1 Ng7 34.
Re5 Qd8 35. Qe3 f6 36. Rxe8+ Qxe8 37. Qxe8+ Nxe8 38. Ke2 Kf7 39. Kf3 h6 40. h4
g5 41. hxg5 hxg5 42. c4 dxc4 43. Bxc4+ Ke7 44. d5 c5 45. a4 Nd6 46. Be2 Kd7 47.
fxg5 fxg5 48. Ke3 Ke7 49. b3 Kf6 50. Bf3 Ke5 51. Bg2 b6 52. Bf3 Ne8 53. Kd3 a6
54. Kc4 Kf4 55. Bd1 Nd6+ 56. Kd3 Ke5 57. Bf3 b5 58. Ke3 bxa4 59. bxa4 Nc4+ 60.
Kd3 Nb2+ 61. Kc2 Nxa4 62. Be2 a5 63. Kb3 Nb6 64. Bf3 Kd4 65. d6 Ke5 66. d7 Nxd7
67. Ka4 Kd4 68. Kxa5 Ne5 69. Bd1 c4 70. Kb4 Nd3+ 71. Ka3 Kc3 72. Ba4 Kd2 73.
Ka2 c3 74. Kb1 Nb4 0-1

[Event "FRA Team Ch"]
[Site "Montpellier"]
[Date "2001.04.30"]
[Round "10.1"]
[White "David, Alberto"]
[Black "Schlosser, Philipp"]
[Result "1/2-1/2"]
[WhiteElo "2521"]
[BlackElo "2511"]
[Annotator "Drancy-Bischwiller"]
[PlyCount "35"]
[EventDate "2001.04.??"]

1. e4 e6 2. d4 d5 3. Nc3 Nf6 4. Bg5 dxe4 5. Nxe4 Nbd7 6. Nxf6+ Nxf6 7. Nf3 c5
8. Bb5+ Bd7 9. Bxd7+ Qxd7 10. Qe2 Be7 11. dxc5 O-O 12. O-O Bxc5 13. Rad1 Qc7
14. Bxf6 gxf6 15. Rd3 Rfd8 16. Rfd1 Rxd3 17. Rxd3 Rd8 18. b3 1/2-1/2

[Event "FRA Team Ch"]
[Site "Montpellier"]
[Date "2001.04.30"]
[Round "10.2"]
[White "Ivanov, Mikhail M"]
[Black "Legky, Nikolay A"]
[Result "1-0"]
[WhiteElo "2454"]
[BlackElo "2477"]
[Annotator "Bischwiller-Drancy"]
[PlyCount "101"]
[EventDate "2001.04.??"]

1. d4 d5 2. Nf3 Nf6 3. c4 dxc4 4. e3 e6 5. Bxc4 c5 6. O-O Nc6 7. dxc5 Qxd1 8.
Rxd1 Bxc5 9. b3 Ke7 10. Bb2 b6 11. Nbd2 Bb7 12. a3 Rac8 13. Be2 Rhd8 14. b4 Bd6
15. Nc4 Bc7 16. b5 Rxd1+ 17. Rxd1 Nb8 18. a4 Nbd7 19. Ba3+ Ke8 20. Nd4 Ne4 21.
Rc1 Nec5 22. Bf3 Bxf3 23. gxf3 Ra8 24. Ra1 Ne5 25. Nb2 g5 26. a5 Bd8 27. a6 Bf6
28. Rc1 Be7 29. Rc3 Rd8 30. Kf1 h5 31. Nc4 Ncd7 32. Bxe7 Kxe7 33. Nxe5 Nxe5 34.
Rc7+ Rd7 35. Rc8 g4 36. f4 Nf3 37. Nc6+ Kf6 38. Rd8 Rxd8 39. Nxd8 Nd2+ 40. Kg2
Ne4 41. Nc6 Nd6 42. Nxa7 Kf5 43. Nc6 Ne8 44. f3 Nc7 45. Nd4+ Kg6 46. fxg4 hxg4
47. a7 Kh5 48. Kg3 Na8 49. e4 Nc7 50. e5 Na8 51. Nc6 1-0

[Event "FRA Team Ch"]
[Site "Montpellier"]
[Date "2001.04.30"]
[Round "10.3"]
[White "Komarov, Dimitri"]
[Black "Arnold, Lothar"]
[Result "1-0"]
[WhiteElo "2540"]
[BlackElo "2431"]
[Annotator "Drancy-Bischwiller"]
[PlyCount "53"]
[EventDate "2001.04.??"]

1. Nf3 d5 2. d4 Nf6 3. c4 dxc4 4. Nc3 e6 5. e4 Bb4 6. Bg5 h6 7. Bxf6 Qxf6 8.
Bxc4 O-O 9. O-O Bxc3 10. bxc3 b6 11. Ne5 Bb7 12. Qg4 c5 13. Rae1 cxd4 14. cxd4
Qg5 15. Qxg5 hxg5 16. d5 exd5 17. exd5 b5 18. Bb3 a5 19. d6 Nc6 20. a4 b4 21.
f4 gxf4 22. Rxf4 Nxe5 23. Rxe5 Rad8 24. Re7 Bc6 25. Rexf7 Rxf7 26. Bxf7+ Kh7
27. Rh4# 1-0

[Event "FRA Team Ch"]
[Site "Montpellier"]
[Date "2001.04.30"]
[Round "10.4"]
[White "Blot, Jerome"]
[Black "Salaun, Yann"]
[Result "1-0"]
[WhiteElo "2324"]
[BlackElo "2391"]
[Annotator "Bischwiller-Drancy"]
[PlyCount "87"]
[EventDate "2001.04.??"]

1. d4 d5 2. Nf3 c5 3. c4 e6 4. cxd5 exd5 5. g3 Nc6 6. Bg2 Nf6 7. Nc3 Be7 8. O-O
O-O 9. Bg5 cxd4 10. Nxd4 Re8 11. Nb3 Bg4 12. Rc1 a5 13. a4 Nb4 14. Nb5 Bd7 15.
N3d4 Bc6 16. Bf4 Nh5 17. Be3 Qd7 18. Qb3 g6 19. Rfd1 Bf8 20. Bd2 Nf6 21. Qf3
Ne4 22. Bf4 Rac8 23. b3 Bg7 24. h4 Na2 25. Ra1 Bxb5 26. Rxa2 Ba6 27. Nb5 Bxb5
28. axb5 Nc3 29. Rxd5 Qe7 30. Rad2 Nxd5 31. Qxd5 b6 32. Bd6 Qf6 33. e4 Qa1+ 34.
Kh2 Bc3 35. Rd1 Qb2 36. f4 Qf2 37. Rf1 Qe2 38. f5 g5 39. f6 Bd2 40. Rf5 Kh8 41.
Qxf7 Rg8 42. Re5 gxh4 43. Re7 hxg3+ 44. Bxg3 1-0

[Event "FRA Team Ch"]
[Site "Montpellier"]
[Date "2001.04.30"]
[Round "10.5"]
[White "Moracchini, Fabrice"]
[Black "Mohebbi, Jaffar"]
[Result "1-0"]
[WhiteElo "2316"]
[BlackElo "2318"]
[Annotator "Drancy-Bischwiller"]
[PlyCount "111"]
[EventDate "2001.04.??"]

1. d4 Nf6 2. c4 e6 3. Nc3 Bb4 4. Qc2 d5 5. cxd5 exd5 6. Bg5 h6 7. Bxf6 Qxf6 8.
a3 Bxc3+ 9. Qxc3 O-O 10. e3 Bg4 11. Ne2 Rc8 12. b4 a5 13. h3 axb4 14. axb4
Rxa1+ 15. Qxa1 Bf5 16. Ng3 Nc6 17. Qa3 Bg6 18. b5 Qe7 19. Qxe7 Nxe7 20. Be2 Ra8
21. O-O Ra2 22. Rc1 Bc2 23. Bf3 b6 24. Ne2 Rb2 25. Nf4 Kf8 26. Nxd5 Nxd5 27.
Bxd5 Ke7 28. Bc4 f6 29. Ra1 Rb4 30. Be2 Ba4 31. Kf1 Bxb5 32. Bxb5 Rxb5 33. Ra2
Kd6 34. Ke2 h5 35. h4 Rb1 36. Ra8 Rb2+ 37. Kf3 b5 38. Rh8 c6 39. Rxh5 Ra2 40.
Rh7 Ra7 41. h5 Re7 42. g4 b4 43. Ke2 b3 44. Kd2 Rb7 45. Kc1 Rb8 46. Rxg7 Kd5
47. h6 Kc4 48. Rc7 Rb6 49. Ra7 Kc3 50. h7 c5 51. h8=Q c4 52. Qh7 f5 53. Qxf5
Rh6 54. Qf3 b2+ 55. Kb1 Kd2 56. e4 1-0

[Event "FRA Team Ch"]
[Site "Montpellier"]
[Date "2001.04.30"]
[Round "10.6"]
[White "Schneider, Heiko"]
[Black "Giffard, Nicolas"]
[Result "0-1"]
[WhiteElo "2275"]
[BlackElo "2393"]
[Annotator "Bischwiller-Drancy"]
[PlyCount "69"]
[EventDate "2001.04.??"]

1. e4 c6 2. d4 d5 3. Nc3 dxe4 4. Nxe4 Nd7 5. Ng5 Ngf6 6. Bd3 e6 7. N1f3 Bd6 8.
Qe2 h6 9. Ne4 Nxe4 10. Qxe4 c5 11. Qg4 Qf6 12. O-O cxd4 13. Re1 Nc5 14. Bb5+
Kf8 15. Qxd4 Qxd4 16. Nxd4 a6 17. Bf1 e5 18. Nf3 f6 19. Be3 g5 20. Rad1 Be7 21.
Bc4 Kg7 22. Bd5 Re8 23. b3 Rb8 24. c4 Ne6 25. Re2 Nf4 26. Bxf4 gxf4 27. Nd2 b6
28. Nb1 Rd8 29. a3 a5 30. Rb2 Bc5 31. b4 axb4 32. axb4 Bd4 33. Ra2 b5 34. Bf3
bxc4 35. Na3 0-1

[Event "FRA Team Ch"]
[Site "Montpellier"]
[Date "2001.04.30"]
[Round "10.7"]
[White "Doornbos, Yann"]
[Black "Peter, Sebastien"]
[Result "0-1"]
[WhiteElo "2359"]
[BlackElo "2194"]
[Annotator "Drancy-Bischwiller"]
[PlyCount "81"]
[EventDate "2001.04.??"]

1. d4 e6 2. c4 Nf6 3. Nf3 b6 4. e3 Bb7 5. Bd3 c5 6. O-O cxd4 7. exd4 Be7 8. Nc3
d5 9. cxd5 Nxd5 10. Ne5 O-O 11. Qh5 Nf6 12. Qh4 Nc6 13. Nxc6 Bxc6 14. Rd1 g6
15. Bg5 Re8 16. Rac1 Bb7 17. Bb5 Nd7 18. Bxe7 Qxe7 19. Qh6 a6 20. Bxd7 Qxd7 21.
h4 b5 22. a3 a5 23. b4 axb4 24. axb4 Qd6 25. d5 Qxb4 26. d6 Red8 27. Rd3 Rxd6
28. Rg3 Rd4 29. h5 Rg4 30. hxg6 hxg6 31. Rh3 Rxg2+ 32. Kf1 Qd4 33. Qh7+ Kf8 34.
Qh8+ Qxh8 35. Rxh8+ Kg7 36. Rxa8 Bxa8 37. Nxb5 Rh2 38. Rc7 Bf3 39. Ke1 Rh5 40.
Nd6 Rh1+ 41. Kd2 0-1

[Event "FRA Team Ch"]
[Site "Montpellier"]
[Date "2001.04.30"]
[Round "10.8"]
[White "Grill, Marc"]
[Black "Borne, Niels"]
[Result "0-1"]
[WhiteElo "2200"]
[BlackElo "2322"]
[Annotator "Bischwiller-Drancy"]
[PlyCount "71"]
[EventDate "2001.04.??"]

1. e4 c5 2. Nf3 e6 3. d4 cxd4 4. Nxd4 Nc6 5. Nb5 d6 6. c4 Nf6 7. N5c3 a6 8. Na3
b6 9. Be2 Bb7 10. Be3 Nb8 11. f3 Nbd7 12. O-O Be7 13. Qd2 Qc7 14. Rfd1 O-O 15.
Bf1 Rac8 16. Qf2 Qb8 17. Rac1 Bd8 18. Nab1 Kh8 19. Be2 Re8 20. Kh1 Bc7 21. g3
Re7 22. Nd2 Rce8 23. Bd3 Ne5 24. Bb1 Ba8 25. b4 Ned7 26. a4 Rc8 27. Qe2 Bb7 28.
Kg1 d5 29. Bf2 Bd6 30. Na2 Ree8 31. Bd3 Qa8 32. Bb1 Kg8 33. Nb3 Bc7 34. Nd2 h5
35. Nc3 Qb8 36. f4 0-1

[Event "FRA Team Ch"]
[Site "Montpellier"]
[Date "2001.04.30"]
[Round "10.9"]
[White "Barakoff, Annie"]
[Black "Leclair, Marie"]
[Result "1/2-1/2"]
[WhiteElo "1740"]
[BlackElo "2032"]
[Annotator "Drancy-Bischwiller"]
[PlyCount "83"]
[EventDate "2001.04.??"]

1. c4 e6 2. Nc3 d5 3. cxd5 exd5 4. d4 c5 5. Nf3 Nc6 6. g3 c4 7. Bg2 Bb4 8. O-O
Nge7 9. a3 Ba5 10. Re1 Bf5 11. Bf4 O-O 12. b4 Bb6 13. Rc1 Rc8 14. Nb5 Qd7 15.
Nd6 Ra8 16. e4 Bg4 17. Qd2 Bxf3 18. Bxf3 Nxd4 19. Bd1 Ne6 20. Nxc4 Nxf4 21.
gxf4 Rfd8 22. Nxb6 axb6 23. Re3 dxe4 24. Qxd7 Rxd7 25. Rxe4 f5 26. Rec4 Rxa3
27. Be2 Rd2 28. Re1 Raa2 29. Bf1 Kf8 30. Rc7 Nc6 31. Bc4 Nd8 32. Bxa2 Rxa2 33.
Rce7 Nc6 34. Rxb7 Nxb4 35. Rc1 Ra8 36. Rcc7 Nd5 37. Rf7+ Ke8 38. Rxf5 Nf6 39.
Re5+ Kf8 40. Ree7 Nh5 41. Rf7+ Kg8 42. Rf5 1/2-1/2

[Event "FRA Team Ch"]
[Site "Montpellier"]
[Date "2001.05.01"]
[Round "11.1"]
[White "Hamdouchi, Hichem"]
[Black "Bareev, Evgeny"]
[Result "0-1"]
[WhiteElo "2535"]
[BlackElo "2709"]
[Annotator "Montpellier-Clichy"]
[PlyCount "67"]
[EventDate "2001.04.??"]

1. e4 e6 2. d3 d5 3. Nd2 Nf6 4. Ngf3 b6 5. g3 Bb7 6. e5 Nfd7 7. Bg2 g5 8. O-O
Nc6 9. Nb3 g4 10. Nfd2 Ndxe5 11. d4 Ng6 12. Qxg4 Bg7 13. Re1 h5 14. Qd1 Nxd4
15. Nxd4 Bxd4 16. c4 c5 17. Nb3 Bf6 18. cxd5 Kf8 19. dxe6 Qxd1 20. Rxd1 Bxg2
21. Kxg2 fxe6 22. Nd2 Rd8 23. Re1 h4 24. Ne4 Kf7 25. Bg5 h3+ 26. Kf1 Bxg5 27.
Nxg5+ Kf6 28. Ne4+ Kf5 29. Re3 c4 30. Rae1 Rd3 31. R3e2 Rhd8 32. Nc3 e5 33. Rc2
a6 34. Ke2 0-1

[Event "FRA Team Ch"]
[Site "Montpellier"]
[Date "2001.05.01"]
[Round "11.2"]
[White "Van Wely, Loek"]
[Black "Fressinet, Laurent"]
[Result "1/2-1/2"]
[WhiteElo "2700"]
[BlackElo "2581"]
[Annotator "Clichy-Montpellier"]
[PlyCount "82"]
[EventDate "2001.04.??"]

1. d4 d5 2. c4 c6 3. Nc3 e6 4. e4 dxe4 5. Nxe4 Bb4+ 6. Bd2 Qxd4 7. Bxb4 Qxe4+
8. Be2 Na6 9. Ba5 Bd7 10. Nf3 Nf6 11. Qd6 Qf5 12. Ne5 Qxf2+ 13. Kxf2 Ne4+ 14.
Kf3 Nxd6 15. Rhd1 Ke7 16. c5 Nxc5 17. Bb4 b6 18. Rac1 Nce4 19. Bd3 f5 20. Bxe4
fxe4+ 21. Ke3 c5 22. Rxc5 bxc5 23. Bxc5 Be8 24. Bxd6+ Kd8 25. h4 a5 26. g4 Rg8
27. b3 Ra6 28. h5 Bc6 29. Bc5+ Kc7 30. Rf1 Be8 31. a4 Kc8 32. Rf4 Bc6 33. Rf7
Bd5 34. g5 Bxb3 35. h6 gxh6 36. gxh6 Rg5 37. Kxe4 Bxa4 38. Rf8+ Kc7 39. Rf7+
Kc8 40. Rf8+ Kc7 41. Rf7+ Kc8 1/2-1/2

[Event "FRA Team Ch"]
[Site "Montpellier"]
[Date "2001.05.01"]
[Round "11.3"]
[White "Nisipeanu, Liviu-Dieter"]
[Black "Lautier, Joel"]
[Result "1/2-1/2"]
[WhiteElo "2596"]
[BlackElo "2658"]
[Annotator "Montpellier-Clichy"]
[PlyCount "38"]
[EventDate "2001.04.??"]

1. e4 c5 2. Nf3 Nc6 3. d4 cxd4 4. Nxd4 Nf6 5. Nc3 e5 6. Ndb5 d6 7. Bg5 a6 8.
Na3 b5 9. Nd5 Be7 10. Bxf6 Bxf6 11. c3 O-O 12. Nc2 Rb8 13. h4 Be7 14. Nce3 Be6
15. b4 Qd7 16. a4 Bd8 17. axb5 axb5 18. g3 Ne7 19. Bg2 Qb7 1/2-1/2

[Event "FRA Team Ch"]
[Site "Montpellier"]
[Date "2001.05.01"]
[Round "11.4"]
[White "Nataf, Igor-Alexandre"]
[Black "Prie, Eric"]
[Result "1/2-1/2"]
[WhiteElo "2552"]
[BlackElo "2490"]
[Annotator "Clichy-Montpellier"]
[PlyCount "79"]
[EventDate "2001.04.??"]

1. e4 c5 2. Nf3 Nc6 3. d4 cxd4 4. Nxd4 g6 5. Nc3 Bg7 6. Be3 Nf6 7. Bc4 O-O 8.
Bb3 d6 9. f3 Nxd4 10. Bxd4 Be6 11. Qd2 Rc8 12. Nd5 Bxd5 13. exd5 Nd7 14. Bxg7
Kxg7 15. h4 Nf6 16. O-O-O Rc5 17. Kb1 a5 18. a3 Qd7 19. Qd4 Kg8 20. g4 Rfc8 21.
h5 b5 22. Rh2 R8c7 23. Re2 Qc8 24. c3 Qf8 25. Rde1 g5 26. f4 gxf4 27. g5 Nxh5
28. Rh2 Qg7 29. Qd1 Ng3 30. Qg4 a4 31. Bc2 e5 32. dxe6 Re5 33. Rd1 Qxg5 34. Qf3
d5 35. Rxh7 Re7 36. Qd3 fxe6 37. Rxe7 Qxe7 38. Qxb5 Kg7 39. Qxa4 Qf7 40. Rd4
1/2-1/2

[Event "FRA Team Ch"]
[Site "Montpellier"]
[Date "2001.05.01"]
[Round "11.5"]
[White "Flear, Glenn C"]
[Black "Tregubov, Pavel"]
[Result "1/2-1/2"]
[WhiteElo "2476"]
[BlackElo "2628"]
[Annotator "Montpellier-Clichy"]
[PlyCount "78"]
[EventDate "2001.04.??"]

1. d4 Nf6 2. c4 c5 3. d5 b5 4. Nf3 Bb7 5. Nbd2 d6 6. e4 g6 7. Bd3 Bg7 8. O-O
O-O 9. Re1 Ne8 10. Qe2 a6 11. a4 Nd7 12. cxb5 axb5 13. Bxb5 Nc7 14. Bd3 Na6 15.
Nc4 Nb4 16. Bd2 Nxd3 17. Qxd3 Ba6 18. Bc3 Bxc3 19. Qxc3 Bxc4 20. Qxc4 Qb6 21.
b3 Rfb8 22. Re3 Qb4 23. Qc2 Nb6 24. Nd2 c4 25. Nxc4 Nxc4 26. bxc4 Rxa4 27. Ree1
Rba8 28. Rab1 Qxc4 29. Qxc4 Rxc4 30. Re2 Rb4 31. Rc1 Rc4 32. Rb1 Rb4 33. Rc1
Ra7 34. f3 f5 35. exf5 gxf5 36. Rc8+ Kf7 37. Rh8 Kg7 38. Re8 Kf7 39. Rh8 Kg7
1/2-1/2

[Event "FRA Team Ch"]
[Site "Montpellier"]
[Date "2001.05.01"]
[Round "11.6"]
[White "Hebden, Mark"]
[Black "Santo-Roman, Marc"]
[Result "1-0"]
[WhiteElo "2522"]
[BlackElo "2416"]
[Annotator "Clichy-Montpellier"]
[PlyCount "63"]
[EventDate "2001.04.??"]

1. d4 f5 2. g3 Nf6 3. Bg2 g6 4. Nf3 Bg7 5. O-O O-O 6. a4 a5 7. Na3 d6 8. b3 c6
9. Bb2 Na6 10. c4 Kh8 11. Nc2 Qb6 12. Nce1 Be6 13. Nd3 Bg8 14. Rb1 Rfe8 15. e3
Rad8 16. Qc2 Nd7 17. Rfe1 e5 18. dxe5 dxe5 19. e4 Nac5 20. exf5 Nxd3 21. Qxd3
Nc5 22. Qe3 Rd3 23. Qg5 Rxb3 24. f6 Rxb2 25. fxg7+ Kxg7 26. Rxb2 Qxb2 27. Bf1
Qc3 28. Re3 Qa1 29. Nxe5 Be6 30. Ng4 Qd4 31. Qh6+ Kg8 32. Ne5 1-0

[Event "FRA Team Ch"]
[Site "Montpellier"]
[Date "2001.05.01"]
[Round "11.7"]
[White "Touzane, Olivier"]
[Black "Renet, Olivier"]
[Result "1-0"]
[WhiteElo "2388"]
[BlackElo "2494"]
[Annotator "Montpellier-Clichy"]
[PlyCount "62"]
[EventDate "2001.04.??"]

1. d4 d5 2. c4 Nc6 3. Nf3 Bg4 4. cxd5 Bxf3 5. gxf3 Qxd5 6. e3 e5 7. Nc3 Bb4 8.
Bd2 Bxc3 9. bxc3 Qd6 10. Qb1 b6 11. Bd3 Nge7 12. Rg1 g6 13. Ke2 Rd8 14. h4 exd4
15. cxd4 Qe6 16. Kd1 Qh3 17. Be4 O-O 18. Qb5 Rd6 19. Qg5 Rfd8 20. Rc1 Qe6 21.
Rc2 f5 22. Bxc6 Rxc6 23. Rxc6 Nxc6 24. h5 Rd6 25. hxg6 hxg6 26. Qh6 Nd8 27. d5
Qf6 28. e4 fxe4 29. fxe4 Qf3+ 30. Ke1 Qxe4+ 31. Be3 Nf7 1-0

[Event "FRA Team Ch"]
[Site "Montpellier"]
[Date "2001.05.01"]
[Round "11.8"]
[White "Apicella, Manuel"]
[Black "Grollemund, Bertrand"]
[Result "1-0"]
[WhiteElo "2518"]
[BlackElo "2082"]
[Annotator "Clichy-Montpellier"]
[PlyCount "137"]
[EventDate "2001.04.??"]

1. e4 c5 2. Nf3 Nc6 3. d4 cxd4 4. Nxd4 Nf6 5. Nc3 e5 6. Ndb5 d6 7. Nd5 Nxd5 8.
exd5 Nb8 9. c4 Be7 10. Be2 a6 11. Nc3 O-O 12. O-O f5 13. f4 Bf6 14. Kh1 Nd7 15.
Qc2 exf4 16. Bxf4 Be5 17. Rad1 b6 18. b4 Bxf4 19. Rxf4 g6 20. Na4 Bb7 21. c5
bxc5 22. bxc5 dxc5 23. Nxc5 Rc8 24. Rc4 Nxc5 25. Rxc5 Qd6 26. Rxc8 Rxc8 27. Qb3
Rc7 28. h3 Rd7 29. Bf3 Kg7 30. Qc3+ Qf6 31. Qe3 Qd6 32. Rb1 Re7 33. Qc3+ Kh6
34. Qd4 Ba8 35. Qh8 Rb7 36. Re1 Rb8 37. Qd4 Rb4 38. Qe3+ Kg7 39. a3 Rb7 40.
Qc3+ Kh6 41. Qc1+ Kg7 42. Re8 Rb8 43. Qc3+ Kh6 44. Qd2+ Kg7 45. Qd4+ Kf7 46.
Re1 Kg8 47. Kg1 Rd8 48. a4 Bc6 49. a5 Be8 50. Qb6 Bf7 51. Kf2 Kg7 52. Rb1 Qf6
53. Qc7 Rd6 54. Kg1 Qd8 55. Qc5 Rd7 56. Rd1 Rd6 57. g3 h5 58. h4 Qf6 59. Qe3
Qd8 60. Qf4 Qf6 61. Kh2 Qd8 62. Kg2 Qf6 63. Rc1 Qd8 64. Rc6 Rxc6 65. dxc6 Qxa5
66. Qd4+ Kg8 67. Qd7 f4 68. c7 fxg3 69. Kh3 1-0

[Event "FRA Team Ch"]
[Site "Montpellier"]
[Date "2001.05.01"]
[Round "11.9"]
[White "Milliet, Sophie"]
[Black "Sebag, Marie"]
[Result "0-1"]
[WhiteElo "2157"]
[BlackElo "2298"]
[Annotator "Montpellier-Clichy"]
[PlyCount "80"]
[EventDate "2001.04.??"]

1. e4 e5 2. Nf3 Nc6 3. Bc4 Bc5 4. d3 Nf6 5. O-O d6 6. c3 h6 7. Nbd2 a6 8. Bb3
O-O 9. h3 Ba7 10. Re1 Nh5 11. Nf1 Qf6 12. Be3 Nf4 13. Bxa7 Rxa7 14. Ne3 Ne7 15.
d4 Ra8 16. Kh2 c5 17. dxe5 dxe5 18. Bd5 Be6 19. Bxe6 Qxe6 20. Qc2 f6 21. b3 b5
22. Red1 a5 23. Rd2 a4 24. Rad1 axb3 25. axb3 Ra6 26. Rd7 Rfa8 27. Nf5 Nxf5 28.
exf5 Qc6 29. Qd2 Ra2 30. Qe3 Re2 31. R1d6 Qc8 32. Rd8+ Qxd8 33. Rxd8+ Rxd8 34.
Qxc5 Rd5 35. Qa7 Rd8 36. Nh4 Kh7 37. g3 Nd5 38. Ng6 Ne3 39. h4 Ng4+ 40. Kg2
Rxf2+ 0-1